বাংলা উপন্যাসে মুঘল ইতিহাসের ব্যবহার, (১৮৫৭-১৯১৬) / (Record no. 40679)
[ view plain ]
| 000 -LEADER | |
|---|---|
| fixed length control field | 01436nam a2200277 a 4500 |
| 001 - CONTROL NUMBER | |
| control field | 40679 |
| 003 - CONTROL NUMBER IDENTIFIER | |
| rucl marc code | BD-RjUL |
| 005 - DATE AND TIME OF LATEST TRANSACTION | |
| control field | 20211209053250.0 |
| 008 - FIXED-LENGTH DATA ELEMENTS--GENERAL INFORMATION | |
| fixed length control field | 160509s1984 bg ||||| |||| 00| 0dben d |
| 020 ## - INTERNATIONAL STANDARD BOOK NUMBER | |
| Terms of availability | : TK 100.00 |
| 035 ## - SYSTEM CONTROL NUMBER | |
| System control number | (BD-RjUL)40794 |
| 040 ## - CATALOGING SOURCE | |
| Original cataloging agency | BD-RjUL |
| Language of cataloging | ben |
| Transcribing agency | BD-RjUL |
| 041 ## - LANGUAGE CODE | |
| Language code of text/sound track or separate title | ben |
| 082 ## - DEWEY DECIMAL CLASSIFICATION NUMBER | |
| Edition number | 23 |
| Classification number | 891.4409 |
| Author mark and year | HOB 1984 |
| 100 1# - MAIN ENTRY--PERSONAL NAME | |
| Personal name | হোসেন, দিলওয়ার |
| 9 (RLIN) | 237266 |
| 245 10 - TITLE STATEMENT | |
| Title | বাংলা উপন্যাসে মুঘল ইতিহাসের ব্যবহার, (১৮৫৭-১৯১৬) / |
| Statement of responsibility, etc. | দিলওয়ার হোসেন |
| 246 ## - VARYING FORM OF TITLE | |
| Title proper/short title | বাংলা উপন্যাসে মুঘল ইতিহাসের ব্যবহার: |
| Remainder of title | (১৮৫৭-১৯১৬) |
| 260 ## - PUBLICATION, DISTRIBUTION, ETC. (IMPRINT) | |
| Place of publication, distribution, etc. | ঢাকা : |
| Name of publisher, distributor, etc. | বাংলা একাডেমী, |
| Date of publication, distribution, etc. | ১৯৮৪ |
| 300 ## - PHYSICAL DESCRIPTION | |
| Pagination | [২০], ৬৭৫ পৃ. ; |
| Size | ২১ সেমি. |
| 490 ## - SERIES STATEMENT | |
| Series statement | বা. এ. ; |
| Volume/sequential designation | ১৪৬৮ |
| 500 ## - GENERAL NOTE | |
| General note | "বইটি ১৯৮১ সালে কলকাতা বিশ্ববিদ্যালয়ের পিএইচ. ডি. উপাধির জন্য অনুমোদিত গবেষণা গ্রন্থ" |
| 650 ## - SUBJECT ADDED ENTRY--TOPICAL TERM | |
| Topical term or geographic name as entry element | বাংলা উপন্যাস |
| General subdivision | ইতিহাস ও সমালোচনা |
| 9 (RLIN) | 237267 |
| Topical term or geographic name as entry element | Bengali Fiction |
| General subdivision | History and Criticism |
| 9 (RLIN) | 237268 |
| 830 ## - SERIES ADDED ENTRY--UNIFORM TITLE | |
| Uniform title | বা. এ. ; |
| Volume number/sequential designation | ১৪৬৮ |
| 942 ## - ADDED ENTRY ELEMENTS (KOHA) | |
| Source of classification or shelving scheme | Dewey Decimal Classification |
| Koha item type | Rare Books |
| Lost status | Source of classification or shelving scheme | Damaged status | Not for loan | Collection code | Permanent Location | Current Location | Shelving location | Date acquired | Source of acquisition | Cost, normal purchase price | Total Checkouts | Full call number | Date last seen | Copy number | Koha item type |
|---|---|---|---|---|---|---|---|---|---|---|---|---|---|---|---|
| Dewey Decimal Classification | Not For Loan | Rare Books | Central Library, University of Rajshahi | Central Library, University of Rajshahi | Rare Book Section | 25/06/1990 | Dhaka, Bangla Academy | 100.00 | BRA 891.4409 HOB 1984 | 01/01/2020 | C-1 | Rare Books |